00626nam a2200157Ia 4500100002900000650002100029942000700050366000900057245002200066260003300088300000800121546001200129999001700141952015500158952015500313 aKakani/S.L/ Kakani/Amit  aMaterial science cBK f17.5 aMaterial science bNew Age Int (P) Ltdc2004 a640 aENGLISH c20977d20977 001040708CRCaCRCEbCRCEd2023-03-17eEducational books and periodicalsg226.88i279 dt 15/06/2009l0o p19727r2023-03-17v275.00w0000-00-00yBK 001040708CRCaCRCEbCRCEd2023-03-17eEducational books and periodicalsg226.88i279 dt 15/06/2009l0o p19728r2023-03-17v275.00w0000-00-00yBK